LIBRARY & INFORMATION CENTRE, KCAET, TAVANUR

ONLINE PUBLIC ACCESS CATALOGUE (OPAC)

Ergonomic investigations on hand arm vibration of brush cutter for the development of a vibration reducing aid (Record no. 14921)

MARC details
000 -LEADER
fixed length control field 00796nam a22001817a 4500
003 - CONTROL NUMBER IDENTIFIER
control field OSt
088 ## - REPORT NUMBER
Report number 359
100 ## - MAIN ENTRY--AUTHOR NAME
Personal name ASWATHI K
245 ## - TITLE STATEMENT
Title Ergonomic investigations on hand arm vibration of brush cutter for the development of a vibration reducing aid
260 ## - PUBLICATION, DISTRIBUTION, ETC. (IMPRINT)
Place of publication Tavanur 2016
Name of publisher Kelappaji College of Agricultural Engineering and Technology
300 ## - PHYSICAL DESCRIPTION
Number of Pages 103
500 ## - GENERAL NOTE
General note Ergonomic investigations on hand arm vibration of brush cutter for the development of a vibration reducing aid
520 ## - SUMMARY, ETC.
Summary, etc Ergonomic investigations on hand arm vibration of brush cutter for the development of a vibration reducing aid
700 ## - ADDED ENTRY--PERSONAL NAME
Personal name Dr. Sureshkumar P.K (Guide)
856 ## - ELECTRONIC LOCATION AND ACCESS
Uniform Resource Identifier https://drive.google.com/open?id=1zTizBP7r0u1LQiTlPXjYOibUiupd3EKq
942 ## - ADDED ENTRY ELEMENTS (KOHA)
Koha item type Theses
Holdings
Collection code Home library Current library Shelving location Full call number Accession Number Koha item type Public note
Reference KAUAET KAUAET Reference 631.3 ASW/ER T 359 Theses M.Tech Thesis
free website counter